[Event "Ch Club Argentino"]
[Site "masterchessopen.com Buenos Aires (Argentina)"]
[Round "0"]
[White "Najdorf Miguel (POL)"]
[Black "Rubinetti Jorge (ARG)"]
[Result "1-0"]
[WhiteElo "2445"]
[BlackElo "2382"]

1.d4 Nf6 2.c4 g6 3.Nc3 Bg7 4.e4 d6 5.Nf3 O-O 6.Be2 Bg4 7.Be3 Nfd7 8.Qd2 e5
9.d5 Bxf3 10.gxf3 f5 11.Bh6 Qh4 12.Bg5 {#r} 1-0

[Event "Ch URS (young masters)"]
[Site "masterchessopen.com Alma-Ata (Kazakhstan)"]
[Round "0"]
[White "Gofshtein Zvulon (ISR)"]
[Black "Vladimirov Evgeny (KAZ)"]
[Result "1-0"]
[WhiteElo "2504"]
[BlackElo "2601"]

1.Nf3 Nf6 2.c4 g6 3.d4 Bg7 4.Nc3 O-O 5.e4 d6 6.Be2 Bg4 7.Be3 Nfd7 8.Rc1 e5
9.d5 a5 10.O-O Na6 11.a3 Qe7 12.Rb1 f5 13.b4 axb4 14.axb4 Nf6 15.Re1 Nxe4
16.Nxe4 fxe4 17.Nd2 Bf5 18.g4 Bd7 19.Nxe4 Qh4 20.Bg5 Qh3 21.Rb3 {#r} 1-0

[Event "It (open)"]
[Site "masterchessopen.com Lone Pine (USA)"]
[Round "0"]
[White "Ree Hans (NED)"]
[Black "Van Der Sterren Paul (NED)"]
[Result "1-0"]
[WhiteElo "2500"]
[BlackElo "2400"]

1.c4 Nf6 2.Nc3 g6 3.e4 d6 4.d4 Bg7 5.Nf3 O-O 6.Be2 Bg4 7.Be3 Nfd7 8.Qd2 c5
9.d5 Qa5 10.O-O Bxc3 11.bxc3 Nb6 12.Bh6 Re8 13.Qf4 Bxf3 14.Qxf3 N8d7 15.Qh3
Ne5 16.f4 Nexc4 17.f5 Ne5 18.fxg6 fxg6 19.Rf2 c4 20.Raf1 Qc5 21.Qe6+ Kh8
22.Kh1 Qc7 23.Bg7+ Kxg7 24.Rf7+ {#r} 1-0

[Event "It (open) \"]
[Site "masterchessopen.com New York (USA)"]
[Round "7"]
[White "Fedorowicz John P (USA)"]
[Black "Watson John L (USA)"]
[Result "1-0"]
[WhiteElo "2405"]
[BlackElo "2333"]

1.c4 Nf6 2.Nc3 g6 3.d4 Bg7 4.e4 d6 5.Nf3 O-O 6.Be2 Bg4 7.O-O Nfd7 8.Be3 c5
9.d5 Qa5 10.Qc2 Na6 11.a3 Rfc8 12.h3 Bxf3 13.Bxf3 Qd8 14.Bg4 Rcb8 15.f4 Bf6
16.e5 dxe5 17.f5 Nc7 18.Ne4 Ne8 19.Qf2 b5 20.d6 gxf5 21.dxe7 Bxe7 22.Qxf5 Ndf6
23.Qg5+ Kh8 24.Qxe5 {#r} 1-0

[Event "It (juniors) (under 20)"]
[Site "masterchessopen.com Bydgoszcz (Poland)"]
[Round "0"]
[White "Kiedrowicz Jan (POL)"]
[Black "Maciejewski Andrzej (POL)"]
[Result "0-1"]
[WhiteElo "2298"]
[BlackElo "2370"]

1.d4 Nf6 2.c4 g6 3.Nc3 Bg7 4.e4 d6 5.Nf3 O-O 6.Be2 Bg4 7.Ng1 Bd7 8.f4 c5
9.dxc5 Qa5 10.Kf2 Na6 11.Rb1 Nxc5 12.Bf3 Qb4 13.Qe2 Be6 14.Nd5 Nxd5 15.cxd5
Bd7 16.Bd2 Qa4 {#R} 0-1

[Event "Ch BRD (juniors)"]
[Site "masterchessopen.com Germany"]
[Round "0"]
[White "Sieglen Joachim (GER)"]
[Black "Kuhn Thomas (SUI)"]
[Result "1-0"]
[WhiteElo "2302"]
[BlackElo "2213"]

1.d4 Nf6 2.c4 g6 3.Nc3 Bg7 4.e4 d6 5.Be2 O-O 6.Nf3 Bg4 7.Be3 Bxf3 8.Bxf3 e5
9.d5 Nfd7 10.g4 Qh4 11.Qd2 h6 12.O-O-O Kh7 13.g5 Qh3 14.Qe2 hxg5 15.Rdg1 Nf6
16.Rg3 Qc8 17.Bxg5 Rh8 18.h4 Bh6 19.Qe3 Kg7 20.h5 Bxg5 21.Qxg5 Rh6 22.hxg6
Rxg6 23.Qh6+ {#r} 1-0

[Event "It (open)"]
[Site "masterchessopen.com Caorle (Italy)"]
[Round "1"]
[White "Blees Albert (NED)"]
[Black "Meo Sandro"]
[Result "0-1"]
[WhiteElo "2391"]
[BlackElo "2185"]

1.d4 Nf6 2.c4 g6 3.Nc3 Bg7 4.e4 O-O 5.Be2 d6 6.Nf3 Bg4 7.Be3 Nfd7 8.Ng1 Bxe2
9.Ngxe2 Nc6 10.O-O e5 11.Qd2 exd4 12.Nxd4 Nce5 13.b3 Nc5 14.Rad1 a5 15.Qe2 Re8
16.f3 Ned7 17.Qd2 Be5 18.Rde1 c6 19.Kh1 Qh4 20.g4 h5 21.Rg1 hxg4 22.Rxg4 Qh3
23.Qf2 Nd3 {#R} 0-1

[Event "Bundesliga 1981/82"]
[Site "masterchessopen.com Germany"]
[Round "0"]
[White "Fischer Johannes (GER)"]
[Black "Gerbert Philipp (GER)"]
[Result "0-1"]
[WhiteElo "2269"]
[BlackElo "2215"]

1.d4 Nf6 2.c4 g6 3.Nc3 Bg7 4.e4 d6 5.Nf3 O-O 6.Be2 Bg4 7.Ng1 Bxe2 8.Ngxe2 e5
9.d5 Nh5 10.O-O f5 11.exf5 gxf5 12.f4 Nd7 13.Qc2 Qh4 14.Nb5 Rac8 15.Nxa7 Rce8
16.Nb5 exf4 17.Nxf4 c6 18.Nxh5 Qxh5 19.Nxd6 Re2 20.Qd3 Ne5 21.Qg3 Rf6 22.Bh6
Rg6 23.Rxf5 Qxh6 24.Qa3 Re4 {#R} 0-1

[Event "Ch Bulgaria (w)"]
[Site "masterchessopen.com Sofia (Bulgaria)"]
[Round "12"]
[White "Kalcheva Natalia (BUL)"]
[Black "Aladjova Katrin (AUS)"]
[Result "1-0"]
[WhiteElo "2052"]
[BlackElo "2115"]

1.Nf3 Nf6 2.c4 g6 3.d4 Bg7 4.Nc3 O-O 5.e4 d6 6.Be2 Bg4 7.O-O Nfd7 8.Be3 Nc6
9.d5 Bxf3 10.Bxf3 Na5 11.Qa4 Bxc3 12.bxc3 c6 13.Be2 cxd5 14.cxd5 b6 15.Bh6 Re8
16.Bb5 Nc5 17.Qd1 Nd7 18.Qd4 f6 19.Qa4 Nb7 20.Bxd7 {#r} 1-0

[Event "It (open)"]
[Site "masterchessopen.com Miskolc (Hungary)"]
[Round "0"]
[White "Thiede Lars (GER)"]
[Black "Welling Gerard (NED)"]
[Result "0-1"]
[WhiteElo "2458"]
[BlackElo "2322"]

1.Nf3 g6 2.e4 Bg7 3.d4 d6 4.c4 Nf6 5.Nc3 O-O 6.Be2 Bg4 7.Be3 Nfd7 8.h3 Bxf3
9.Bxf3 Nc6 10.Ne2 Na5 11.Rc1 c5 12.O-O Nc6 13.g3 Qb6 14.dxc5 dxc5 15.Qxd7 Rfd8
16.Bxc5 Qxc5 17.Qxb7 Rab8 18.Qa6 Ne5 19.Bg2 Rxb2 20.Nc3 Rdd2 21.Na4 Rxf2
22.Nxb2 Rf6+ {#R} 0-1

[Event "It (open)"]
[Site "masterchessopen.com Kecskemet (Hungary)"]
[Round "0"]
[White "Loginov Valery A (RUS)"]
[Black "Lovass Imre (HUN)"]
[Result "1-0"]
[WhiteElo "2486"]
[BlackElo "2257"]

1.Nf3 g6 2.d4 Bg7 3.c4 d6 4.Nc3 Nf6 5.e4 O-O 6.Be2 Bg4 7.Be3 Nfd7 8.Ng1 Bxe2
9.Ngxe2 e5 10.O-O a5 11.b3 Na6 12.Rb1 Qe7 13.Qd2 c6 14.Rfd1 Rfd8 15.f3 Nc7
16.Kh1 Ne6 17.d5 cxd5 18.Nxd5 Qf8 19.Nec3 Ndc5 20.Nb5 Ra6 21.Ndc7 Rc6 22.Nxe6
Nxe6 23.Qxa5 Bh6 24.Qd2 {#r} 1-0

[Event "Ch OWL"]
[Site "masterchessopen.com Porta Westfalica (Germany)"]
[Round "0"]
[White "Witthaus Joerg (GER)"]
[Black "Geisler Reinhard (GER)"]
[Result "0-1"]
[WhiteElo "2028"]
[BlackElo "1955"]

1.d4 Nf6 2.c4 d6 3.Nc3 g6 4.e4 Bg7 5.Nf3 O-O 6.Be2 Bg4 7.O-O Nfd7 8.Be3 Nc6
9.Ne1 Bxe2 10.Nxe2 e5 11.d5 Ne7 12.Nd3 f5 13.f3 c5 14.b4 cxb4 15.Nxb4 Qa5
16.Nd3 fxe4 17.fxe4 Rxf1+ 18.Kxf1 Rc8 19.Qb3 b6 20.h3 Nf6 21.Nf2 Rf8 22.Kg1
Nh5 23.Nc3 Nf4 24.Qc2 Qxc3 {#R} 0-1

[Event "Zt (w)"]
[Site "masterchessopen.com Hajduszoboszlo (Hungary)"]
[Round "5"]
[White "Koen Maja (BUL)"]
[Black "Foisor Cristina Adela (ROM)"]
[Result "0-1"]
[WhiteElo "2105"]
[BlackElo "2350"]

1.d4 Nf6 2.c4 g6 3.Nc3 Bg7 4.e4 d6 5.Nf3 O-O 6.Be2 Bg4 7.Be3 Nc6 8.Rc1 Bxf3
9.Bxf3 e5 10.d5 Nd4 11.Nb5 Nxf3+ 12.Qxf3 Nd7 13.c5 dxc5 14.Bxc5 Nxc5 15.Rxc5
c6 16.dxc6 bxc6 17.Rxc6 Qd7 18.Qc3 Rac8 19.Nxa7 Rcd8 20.O-O Qxa7 21.a3 Rd4
{#R} 0-1

[Event "It (open)"]
[Site "masterchessopen.com Teteven (Bulgaria)"]
[Round "2"]
[White "Kostic Jovica (SRB)"]
[Black "Delchev Aleksander (BUL)"]
[Result "0-1"]
[WhiteElo "2233"]
[BlackElo "2405"]

1.d4 Nf6 2.c4 g6 3.Nc3 d6 4.Nf3 Bg7 5.e4 O-O 6.Be2 Bg4 7.h3 Bxf3 8.Bxf3 Nfd7
9.Be3 Nc6 10.Qd2 e5 11.Ne2 f5 12.exf5 gxf5 13.Bd5+ Kh8 14.Bh6 Bxh6 15.Qxh6
Nxd4 16.Nxd4 exd4 17.O-O-O Rf6 18.Qh4 c6 19.Bf3 Ne5 20.Qxd4 {#R} 0-1

[Event "Liga South Baden 1991/92"]
[Site "masterchessopen.com Germany"]
[Round "0"]
[White "Berberich Christoph (SUI)"]
[Black "Gersinska Juergen (GER)"]
[Result "1-0"]
[WhiteElo "2092"]
[BlackElo "2271"]

1.d4 Nf6 2.Nf3 g6 3.c4 Bg7 4.Nc3 O-O 5.e4 d6 6.Be2 Bg4 7.Be3 Nfd7 8.Ng1 Bxe2
9.Ngxe2 e5 10.O-O Nc6 11.d5 Ne7 12.Re1 f5 13.f3 f4 14.Bf2 g5 15.b4 a6 16.c5
Nf6 17.Qb3 Rf7 18.b5 axb5 19.Nxb5 Ng6 {#r} 1-0

[Event "Ch Ireland (seniors)"]
[Site "masterchessopen.com Ireland"]
[Round "2"]
[White "McElligott Gerry (IRL)"]
[Black "Daly Colm (FID)"]
[Result "0-1"]
[WhiteElo "2145"]
[BlackElo "2235"]

1.d4 Nf6 2.c4 g6 3.Nc3 Bg7 4.e4 d6 5.Nf3 O-O 6.Be2 Bg4 7.Be3 Nfd7 8.Ng1 Bxe2
9.Ngxe2 e5 10.d5 f5 11.exf5 gxf5 12.f4 Nf6 13.O-O Nbd7 14.h3 Nh5 15.Qd2 a6
16.a4 Qe7 17.Rae1 Rae8 18.fxe5 dxe5 19.Bh6 f4 20.Bxg7 Qxg7 21.Kh2 e4 22.Qd4
Qg6 23.Rg1 Ng3 24.Qf2 e3 {#R} 0-1

[Event "It (open)"]
[Site "masterchessopen.com Stockholm (Sweden)"]
[Round "0"]
[White "Sjoberg Mats (SWE)"]
[Black "Cruz Erik (SWE)"]
[Result "1-0"]
[WhiteElo "2337"]
[BlackElo "2070"]

1.d4 Nf6 2.c4 g6 3.Nc3 Bg7 4.e4 O-O 5.Be2 d6 6.Nf3 Bg4 7.Be3 Nbd7 8.O-O e5
9.d5 Nc5 10.h3 Bxf3 11.Bxf3 a5 12.a3 Ne8 13.Qc2 f5 14.b4 Nd7 15.Na4 Qh4 16.c5
Nef6 17.c6 bxc6 18.dxc6 fxe4 19.Be2 Nb8 20.b5 d5 21.Qd2 d4 22.Bg5 e3 23.Qa2+
{#r} 1-0

[Event "Ch Oberfranken"]
[Site "masterchessopen.com Germany"]
[Round "0"]
[White "Hohner Karl-Heinz (GER)"]
[Black "Reichel Alfred (GER)"]
[Result "1-0"]
[WhiteElo "1943"]
[BlackElo "2232"]

1.Nf3 Nf6 2.c4 d6 3.d4 g6 4.Nc3 Bg7 5.e4 O-O 6.Be2 Bg4 7.O-O Nfd7 8.Be3 Bxf3
9.Bxf3 c6 10.Qd2 a5 11.Rad1 Na6 12.Be2 Qc7 13.f4 Rad8 14.f5 Nf6 15.Bh6 c5
16.d5 Nb8 17.Rf3 Nbd7 18.Rh3 Bxh6 19.Qxh6 gxf5 20.Rg3+ {#r} 1-0

[Event "Ch Bayern"]
[Site "masterchessopen.com Lichtenfels (Germany)"]
[Round "3"]
[White "Dietz Holger (GER)"]
[Black "Maier Alexander (GER)"]
[Result "0-1"]
[WhiteElo "2310"]
[BlackElo "2303"]

1.d4 Nf6 2.Nf3 g6 3.c4 Bg7 4.Nc3 O-O 5.e4 d6 6.Be2 Bg4 7.Be3 a6 8.Nd2 Bxe2
9.Qxe2 c6 10.c5 Nfd7 11.Nc4 f5 12.exf5 d5 13.fxg6 dxc4 14.gxh7+ Kh8 15.Qxc4 b5
16.Qe2 Nf6 17.a3 a5 18.O-O Na6 19.Rfd1 Qc8 20.Bg5 Qf5 21.Bxf6 Rxf6 22.f3 Re6
23.Qd3 Re1+ {#R} 0-1

[Event "It (open)"]
[Site "masterchessopen.com Terrasa (Spain)"]
[Round "5"]
[White "Pares Vives Jose (ESP)"]
[Black "Herraiz Hidalgo Herminio (ESP)"]
[Result "1-0"]
[WhiteElo "2375"]
[BlackElo "2464"]

1.d4 Nf6 2.c4 g6 3.Nc3 Bg7 4.e4 d6 5.Nf3 O-O 6.Be2 Bg4 7.h3 Bxf3 8.Bxf3 Nfd7
9.d5 Na6 10.O-O Bxc3 11.bxc3 e5 12.dxe6 fxe6 13.e5 Nxe5 14.Bxb7 Nc5 15.Bxa8
Qxa8 16.Bh6 Rf5 17.Rb1 Nxc4 18.Qd4 {#r} 1-0

[Event "It (open) \"]
[Site "masterchessopen.com Budapest (Hungary)"]
[Round "0"]
[White "Gonzalez Garcia Jose (MEX)"]
[Black "Dostan Janos (HUN)"]
[Result "1-0"]
[WhiteElo "2375"]
[BlackElo "2230"]

1.d4 Nf6 2.c4 g6 3.Nc3 Bg7 4.e4 d6 5.Be2 O-O 6.Nf3 Bg4 7.Be3 Nfd7 8.h4 Nc6
9.d5 Ncb8 10.Qd2 Nf6 11.Bh6 Nbd7 12.O-O-O Nc5 13.Bxg7 Kxg7 14.e5 dxe5 15.Nxe5
Bxe2 16.Qxe2 Ncd7 17.Nc6 Qe8 18.Nxe7 Nb6 19.h5 Ng8 20.Qe5+ f6 21.hxg6 hxg6
22.Qh2 {#r} 1-0

[Event "It (open)"]
[Site "masterchessopen.com Geneva (Switzerland)"]
[Round "4"]
[White "Berezovsky Igor (GER)"]
[Black "Allegro Valery (SUI)"]
[Result "1-0"]
[WhiteElo "2430"]
[BlackElo "2230"]

1.d4 g6 2.Nf3 Bg7 3.c4 Nf6 4.Nc3 O-O 5.e4 d6 6.Be2 Bg4 7.Be3 Nfd7 8.Nd2 Bxe2
9.Qxe2 Nc6 10.Nf3 e5 11.Rd1 exd4 12.Nxd4 Nxd4 13.Bxd4 f5 14.O-O Bxd4 15.Rxd4
Nc5 16.exf5 Rxf5 17.b4 Qf6 18.Qe3 Ne6 19.Re4 Nf4 20.Rxf4 {#r} 1-0

[Event "It (open)"]
[Site "masterchessopen.com Jyvaskyla (Finland)"]
[Round "5"]
[White "Mertanen Janne (FIN)"]
[Black "Franssila Tommi (FIN)"]
[Result "1-0"]
[WhiteElo "2369"]
[BlackElo "2204"]

1.d4 Nf6 2.c4 g6 3.Nc3 Bg7 4.e4 d6 5.Nf3 O-O 6.Be2 Bg4 7.Ng1 Bc8 8.Nf3 Bg4
9.Be3 Nfd7 10.O-O Nc6 11.Ne1 Bxe2 12.Nxe2 Na5 {#r} 1-0

[Event "NRW-liga (juniors) 1994/95"]
[Site "masterchessopen.com NRW (Germany)"]
[Round "0"]
[White "Aumann Welf (GER)"]
[Black "Ellers Holger (GER)"]
[Result "0-1"]
[WhiteElo "2260"]
[BlackElo "2360"]

1.Nf3 g6 2.c4 Bg7 3.e4 d6 4.d4 Nf6 5.Nc3 O-O 6.Be2 Bg4 7.Ng1 Bxe2 8.Ngxe2 c5
9.f3 cxd4 10.Nxd4 Qb6 11.Nc2 Nc6 12.b3 Ng4 13.fxg4 Bxc3+ 14.Bd2 Bxa1 15.Qxa1
f5 16.Bh6 Rf6 17.Rf1 Qa5+ 18.Kd1 Qe5 19.Qxe5 dxe5 20.exf5 gxf5 21.Bg5 Rd6+
22.Kc1 f4 {#R} 0-1

[Event "It"]
[Site "masterchessopen.com Sao Paulo (Brazil)"]
[Round "8"]
[White "Limp Eduardo (BRA)"]
[Black "Resende Antonio Carlos (BRA)"]
[Result "0-1"]
[WhiteElo "2325"]
[BlackElo "2365"]

1.d4 Nf6 2.Nf3 g6 3.c4 Bg7 4.Nc3 O-O 5.e4 d6 6.Be2 Bg4 7.Ng1 Bxe2 8.Ngxe2 c5
9.dxc5 dxc5 10.Qxd8 Rxd8 11.Be3 b6 12.f3 Nc6 13.O-O Rd3 14.Bg5 h6 15.Bxf6 Bxf6
16.Rad1 Rad8 17.Nd5 Rxd1 18.Rxd1 Kf8 19.b3 Nb4 20.a3 Nc6 {#R} 0-1

[Event "It (open)"]
[Site "masterchessopen.com Ceske Budejovice (Czech Republic)"]
[Round "1"]
[White "Mraz Miroslav (CZE)"]
[Black "Praznik Anton (SLO)"]
[Result "0-1"]
[WhiteElo "2046"]
[BlackElo "2230"]

1.d4 Nf6 2.Nf3 g6 3.c4 Bg7 4.Nc3 O-O 5.e4 d6 6.Be2 Bg4 7.O-O Nfd7 8.h3 Bxf3
9.Bxf3 Nc6 10.Be3 e5 11.d5 Nd4 12.Rc1 c5 13.dxc6 bxc6 14.Be2 Rb8 15.Rb1 Qa5
16.Qd2 Nc5 17.f3 f5 18.Rfe1 f4 19.Bf2 Rf7 20.Red1 Rfb7 21.Be1 Nce6 22.b3 Qxc3
23.Qxc3 Nxe2+ 24.Kf1 Nxc3 {#R} 0-1

[Event "Memorial Berze (open)"]
[Site "masterchessopen.com Godollo (Hungary)"]
[Round "0"]
[White "Szecsenyi Istvan (HUN)"]
[Black "Nagyajtai Gabor (HUN)"]
[Result "0-1"]
[WhiteElo "2039"]
[BlackElo "2188"]

1.Nf3 Nf6 2.c4 g6 3.Nc3 Bg7 4.e4 d6 5.d4 O-O 6.Be2 Bg4 7.h3 Bxf3 8.Bxf3 Nc6
9.Be3 e5 10.d5 Ne7 11.g4 Nd7 12.Bg5 f6 13.Bh4 Bh6 14.Qe2 a6 15.Rg1 Kh8 16.Bg3
Qe8 17.h4 Qf7 18.h5 gxh5 19.gxh5 f5 20.Bh4 Rg8 21.Rh1 fxe4 22.Nxe4 Nf5 23.Rd1
Nxh4 {#R} 0-1

[Event "Bundesliga (2nd) South 1996/97"]
[Site "masterchessopen.com Germany"]
[Round "0"]
[White "Siegel Georg (GER)"]
[Black "Zuse Klaus-Peter (GER)"]
[Result "1-0"]
[WhiteElo "2540"]
[BlackElo "2345"]

1.d4 Nf6 2.c4 g6 3.Nc3 Bg7 4.e4 d6 5.Be2 O-O 6.Nf3 Bg4 7.Be3 Nfd7 8.Ng1 Bxe2
9.Ngxe2 a6 10.O-O c5 11.f3 Nc6 12.Qd2 Rb8 13.dxc5 Nxc5 14.Rfd1 b5 15.cxb5 axb5
16.Nd5 Rb7 17.Rac1 Ne5 18.Bxc5 dxc5 19.Nf6+ Bxf6 20.Qxd8 Rxd8 21.Rxd8+ Kg7
22.Rxc5 e6 23.Rd1 {#r} 1-0

[Event "Bundesliga (2nd) West 1996/97"]
[Site "masterchessopen.com Germany"]
[Round "0"]
[White "Chuchelov Vladimir (BEL)"]
[Black "Koehn Peter (GER)"]
[Result "1-0"]
[WhiteElo "2540"]
[BlackElo "2300"]

1.Nf3 Nf6 2.c4 g6 3.Nc3 Bg7 4.e4 d6 5.d4 O-O 6.Be2 Bg4 7.Be3 Nfd7 8.Rc1 Nc6
9.d5 Bxf3 10.Bxf3 Nce5 11.Be2 Nb6 12.b3 Re8 13.O-O e6 14.f4 Ned7 15.dxe6 Rxe6
16.Bf3 Re8 17.Qd2 Qc8 18.e5 Bf8 19.Ne4 {#r} 1-0

[Event "It (open) (a)"]
[Site "masterchessopen.com Hassloch (Germany)"]
[Round "7"]
[White "Adamski Jan (POL)"]
[Black "Mischke Gabriel (GER)"]
[Result "1-0"]
[WhiteElo "2390"]
[BlackElo "2082"]

1.Nf3 Nf6 2.c4 g6 3.Nc3 Bg7 4.e4 d6 5.d4 O-O 6.Be2 Bg4 7.Be3 Nbd7 8.Rc1 c5
9.d5 Bxf3 10.Bxf3 a6 11.a4 b5 12.axb5 axb5 13.cxb5 Qa5 14.Qc2 Nb6 15.O-O Rfb8
16.Rfe1 {#r} 1-0

[Event "It (open) (a)"]
[Site "masterchessopen.com Klatovy (Czech Republic)"]
[Round "0"]
[White "Juptner Jan (CZE)"]
[Black "Pfeifer Miroslav (CZE)"]
[Result "0-1"]
[WhiteElo "2318"]
[BlackElo "2216"]

1.d4 Nf6 2.c4 g6 3.Nc3 Bg7 4.e4 d6 5.Nf3 O-O 6.Be2 Bg4 7.O-O Nfd7 8.Be3 e5
9.d5 f5 10.Ng5 Bxe2 11.Qxe2 Nc5 12.b4 f4 13.Bd2 Qxg5 14.bxc5 dxc5 15.g3 Nd7
16.Nb5 Qd8 17.d6 cxd6 18.Qd3 Nb6 19.Ba5 Qd7 20.Qxd6 Qh3 21.Nc7 Rf6 {#R} 0-1

[Event "It (open) \"]
[Site "masterchessopen.com Pardubice (Czech Republic)"]
[Round "5"]
[White "Gavrilov Alexei (RUS)"]
[Black "Berend Fred (LUX)"]
[Result "1-0"]
[WhiteElo "2445"]
[BlackElo "2345"]

1.d4 Nf6 2.c4 g6 3.Nc3 Bg7 4.e4 d6 5.Nf3 O-O 6.Be2 Bg4 7.Be3 Nfd7 8.Ng1 Bxe2
9.Ngxe2 c5 10.O-O a6 11.a4 cxd4 12.Bxd4 Nc6 13.Bxg7 Kxg7 14.b3 Nc5 15.Rb1 Qa5
16.f3 Nd7 17.Kh1 Qc5 18.Qd2 Nde5 19.h3 Nb4 20.f4 Nd7 21.e5 f5 22.Nd4 Kg8
23.Ne6 Qa5 24.Nxf8 Nd5 {#r} 1-0

[Event "It (open) \"]
[Site "masterchessopen.com Pardubice (Czech Republic)"]
[Round "3"]
[White "Shtyrenkov Veniamen (RUS)"]
[Black "Berend Fred (LUX)"]
[Result "1-0"]
[WhiteElo "2460"]
[BlackElo "2345"]

1.d4 Nf6 2.Nf3 g6 3.c4 Bg7 4.Nc3 O-O 5.e4 d6 6.Be2 Bg4 7.Be3 Nfd7 8.Rc1 a6
9.d5 c6 10.O-O Qa5 11.a3 Rc8 12.h3 Bxf3 13.Bxf3 Ne5 14.Be2 b5 15.cxb5 cxb5
16.Bd2 Nc4 17.Nxb5 Qb6 18.Bxc4 Bxb2 19.Be3 Qa5 20.Na7 Rxa7 21.Bxa7 Bxc1
22.Qxc1 Nd7 23.Bd4 Qa4 24.Bb5 {#r} 1-0

[Event "It (open)"]
[Site "masterchessopen.com Passau (Germany)"]
[Round "0"]
[White "Adamski Jan (POL)"]
[Black "Roth Bernd"]
[Result "1-0"]
[WhiteElo "2390"]
[BlackElo "1489"]

1.Nf3 Nf6 2.c4 g6 3.Nc3 Bg7 4.e4 O-O 5.d4 d6 6.Be2 Bg4 7.Be3 Re8 8.O-O Nh5
9.h3 Bxf3 10.Bxf3 Nf6 11.e5 dxe5 12.dxe5 {#r} 1-0

[Event "It (open)"]
[Site "masterchessopen.com Swidnica (Poland)"]
[Round "0"]
[White "Prokopchuk Evgeny (RUS)"]
[Black "Olszynski Kazimierz (POL)"]
[Result "1-0"]
[WhiteElo "2475"]
[BlackElo "2222"]

1.c4 Nf6 2.Nc3 g6 3.e4 d6 4.d4 Bg7 5.Be2 O-O 6.Nf3 Bg4 7.h3 Bxf3 8.Bxf3 e5
9.d5 Nfd7 10.h4 f5 11.h5 Nf6 12.hxg6 hxg6 13.Bg5 Qe8 14.Qb3 b6 15.O-O-O Nbd7
16.Qc2 Nh7 17.Bd2 f4 18.Rdg1 Ndf6 19.g3 g5 20.gxf4 gxf4 21.Qd1 Qd7 22.Bh5 Rf7
23.Bg6 Kh8 24.Rxh7+ {#r} 1-0

[Event "Ch Germany (seniors) (team)"]
[Site "masterchessopen.com Bad Wildbad (Germany)"]
[Round "1"]
[White "Grabara Manfred (GER)"]
[Black "Papapostolou Christ (GRE)"]
[Result "0-1"]
[WhiteElo "2022"]
[BlackElo "2073"]

1.d4 Nf6 2.c4 g6 3.Nc3 Bg7 4.e4 d6 5.Nf3 O-O 6.Be2 Bg4 7.O-O Nc6 8.Be3 e5 9.d5
Ne7 10.h3 Bxf3 11.Bxf3 Nd7 12.g4 a5 13.Qd2 f5 14.Bh6 fxe4 15.Bxe4 Nc5 16.Bg2
Bxh6 17.Qxh6 Rf4 18.b3 Kh8 19.Qg5 Qf8 20.f3 Nd3 21.Rad1 h6 22.Qh4 Nf5 {#R} 0-1

[Event "It (open) \"]
[Site "masterchessopen.com Baden (Switzerland)"]
[Round "1"]
[White "Nemet Ivan (SUI)"]
[Black "Joncic Dragan (SUI)"]
[Result "1-0"]
[WhiteElo "2395"]
[BlackElo "1927"]

1.d4 Nf6 2.c4 d6 3.Nf3 g6 4.Nc3 Bg7 5.e4 O-O 6.Be2 Bg4 7.Be3 Nbd7 8.h3 Bxf3
9.Bxf3 e5 10.d5 a5 11.g4 Nc5 12.g5 Nfd7 13.h4 f5 14.gxf6 Qxf6 15.Be2 a4 16.Qd2
Ra6 17.O-O-O Rfa8 18.h5 Qd8 19.hxg6 Nf6 20.gxh7+ Kh8 21.Bh6 Bxh6 22.Qxh6 {#r}
1-0

[Event "It \"]
[Site "masterchessopen.com Jyvaskyla (Finland)"]
[Round "0"]
[White "Novik Maxim (RUS)"]
[Black "Nouro Mikael (FIN)"]
[Result "1-0"]
[WhiteElo "2465"]
[BlackElo "2344"]

1.Nf3 Nf6 2.c4 g6 3.d4 Bg7 4.Nc3 O-O 5.e4 d6 6.Be2 Bg4 7.Be3 Nfd7 8.O-O Bxf3
9.Bxf3 Nc6 10.d5 Na5 11.Be2 Nb6 12.Bxb6 cxb6 13.Rc1 Rc8 14.b3 Bxc3 15.Rxc3 b5
16.Qd2 bxc4 17.b4 b5 18.Rh3 {#r} 1-0

[Event "It \"]
[Site "masterchessopen.com Sydney (Australia)"]
[Round "4"]
[White "Tindall Brett (AUS)"]
[Black "Berezina Irina (AUS)"]
[Result "0-1"]
[WhiteElo "2250"]
[BlackElo "2230"]

1.d4 Nf6 2.Nf3 g6 3.c4 Bg7 4.Nc3 d6 5.e4 O-O 6.Be2 Bg4 7.O-O Nfd7 8.Be3 Nc6
9.d5 Bxf3 10.Bxf3 Na5 11.Be2 Bxc3 12.bxc3 c5 13.dxc6 Nxc6 14.Rb1 b6 15.Bh6 Re8
16.f4 Nf6 17.Qd3 Rc8 18.Rbd1 Qc7 19.Qg3 Nxe4 20.Qh3 f5 21.Bd3 Nf6 22.Qh4 Nd8
23.g4 Nxg4 24.Bxf5 Qc5+ {#R} 0-1

[Event "It (open)"]
[Site "masterchessopen.com Brno (Czech Republic)"]
[Round "3"]
[White "Svihel Karel (CZE)"]
[Black "Meszaros Ludek (CZE)"]
[Result "0-1"]
[WhiteElo "2185"]
[BlackElo "2244"]

1.d4 Nf6 2.Nf3 g6 3.c4 Bg7 4.Nc3 O-O 5.e4 d6 6.Be2 Bg4 7.Ng1 Bxe2 8.Ngxe2 Nc6
9.f3 e5 10.Be3 exd4 11.Nxd4 Ne5 12.b3 c6 13.O-O d5 14.cxd5 cxd5 15.Bg5 Qa5
16.Bxf6 Qxc3 17.Bxg7 Kxg7 18.Rc1 Qe3+ 19.Kh1 Nd3 20.Rc2 Qxd4 21.Rd2 dxe4
22.fxe4 Rad8 23.Rf3 Nf2+ {#R} 0-1

[Event "Ch France (team) (2) 2001/02"]
[Site "masterchessopen.com France"]
[Round "2"]
[White "Bibikoff Michel (FRA)"]
[Black "Juglard Eric (FRA)"]
[Result "0-1"]
[WhiteElo "2130"]
[BlackElo "2197"]

1.Nf3 Nf6 2.c4 d6 3.d4 g6 4.Nc3 Bg7 5.e4 O-O 6.Be2 Bg4 7.O-O e5 8.d5 Nbd7
9.Ne1 Bxe2 10.Qxe2 Nh5 11.Nd3 Qe7 12.Bd2 Rae8 13.Rfe1 Nb6 14.b3 Nf4 15.Nxf4
exf4 16.Rac1 Be5 17.Qf3 f5 18.exf5 Rxf5 19.Ne4 Nd7 20.Bc3 Bxc3 21.Qxc3 Re5
22.b4 Rxe4 {#R} 0-1

[Event "It (open)"]
[Site "masterchessopen.com Polanica Zdroj (Poland)"]
[Round "1"]
[White "Szymczak Zbigniew (POL)"]
[Black "Krzesaj Robert (POL)"]
[Result "0-1"]
[WhiteElo "2314"]
[BlackElo "2119"]

1.d4 Nf6 2.c4 g6 3.Nc3 Bg7 4.e4 d6 5.Be2 O-O 6.Nf3 Bg4 7.Be3 Nfd7 8.Ng1 Bxe2
9.Ngxe2 Nc6 10.O-O e5 11.d5 Ne7 12.b4 f5 13.f3 Nf6 14.Qd3 f4 15.Bf2 g5 16.c5
Ng6 17.Rfc1 Rf7 18.Rc2 g4 19.Rac1 h5 20.cxd6 cxd6 {#R} 0-1